[Event "Ruhrgebiet VK2 0001"]
[Site "Ruhrgebiet"]
[Date "2000.12.10"]
[Round "4"]
[White "Tochtrop, Lothar"]
[Black "Lombardi, Marco"]
[Result "1-0"]
[WhiteElo "1890"]
[BlackElo "1887"]
[PlyCount "33"]
[EventDate "2000.09.17"]
[EventType "team-tourn"]
[EventRounds "9"]
[EventCountry "GER"]
[SourceTitle "EXT 2023"]
[Source "ChessBase"]
[SourceDate "2022.10.05"]
[SourceVersion "1"]
[SourceVersionDate "2022.10.05"]
[SourceQuality "1"]
[WhiteTeam "Bottrop"]
[BlackTeam "Haltern"]
[WhiteTeamCountry "GER"]
[BlackTeamCountry "GER"]

1. e4 d6 2. d4 Nf6 3. Bc4 g6 4. Nc3 Bg7 5. Qe2 Nc6 6. e5 Nxd4 7. exf6 Nxe2 8. fxg7 Rg8 9. Ngxe2 e6 10. h4 Rxg7 11. Bh6 Rg8 12. 0-0 Bd7 13. Nf4 Qe7 14. Rae1 0-0-0 15. Ncd5 Qe8 16. Nf6 Qe7 17. N4d5 1-0

[Event "Ruhrgebiet VK2 0001"]
[Site "Ruhrgebiet"]
[Date "2000.09.17"]
[Round "1"]
[White "Klaus, Michael"]
[Black "Lombardi, Marco"]
[Result "1-0"]
[WhiteElo "1937"]
[BlackElo "1887"]
[PlyCount "79"]
[EventDate "2000.09.17"]
[EventType "team-tourn"]
[EventRounds "9"]
[EventCountry "GER"]
[SourceTitle "EXT 2023"]
[Source "ChessBase"]
[SourceDate "2022.10.05"]
[SourceVersion "1"]
[SourceVersionDate "2022.10.05"]
[SourceQuality "1"]
[WhiteTeam "Hamm Koenigsspringer"]
[BlackTeam "Haltern"]
[WhiteTeamCountry "GER"]
[BlackTeamCountry "GER"]

1. e4 d6 2. d4 Nf6 3. Bd3 g6 4. c3 Bg7 5. Ne2 Nc6 6. 0-0 0-0 7. Ng3 e5 8. Bc2 a6 9. a4 Bd7 10. f3 h5 11. Bg5 Qe8 12. Ne2 Nh7 13. Bh4 g5 14. Bf2 h4 15. dxe5 dxe5 16. Bb3 b6 17. Qc1 Be6 18. Bd5 Bxd5 19. exd5 Na5 20. Nd2 Nb7 21. Ne4 Qd8 22. c4 f5 23. N4c3 Qe7 24. Re1 Nc5 25. Qc2 Rae8 26. b4 Nb7 27. Rab1 g4 28. Nd4 g3 29. hxg3 hxg3 30. Bxg3 Qg5 31. Nde2 e4 32. Bf4 Qg6 33. Bxc7 exf3 34. Nf4 Rxe1+ 35. Rxe1 Qg3 36. Rd1 fxg2 37. Nce2 Qf3 38. Qd3 Qg4 39. d6 Nf6 40. d7 1-0